000 00825nam a22002171a 4500
003 OSt
005 20150408114030.0
008 120508s2010 jo a g b 00| 0 ara d
020 _a9789957720117
040 _aعمادة شؤون المكتبات في جامعة المجمعة
082 0 4 _221
_a332.1068
_b332.1068 رع م
100 1 _aعبد النبي، محمد أحمد.
_912714
245 1 2 _aالرقابة المصرفية /
_cمحمد أحمد عبد النبي.
250 _aط. 1.
260 _aعمان، الأردن.
_bزمزم ناشرون وموزعون،
_c2010
300 _a258 ص. :
_bجداول ؛
_c24 سم.
504 _aببليوجرافية : ص. 257-258.
650 7 _2aucsh
_aالبنوك
_xإدارة
_912715
650 7 _2aucsh
_aالإدارة المالية
_912336
942 _2ddc
_cBOOK
999 _c22760
_d257260